| 000 | 00767cam a2200205 4500 | ||
|---|---|---|---|
| 001 | WB3808-17 | ||
| 008 | 020226n2002 000 0 eng u | ||
| 035 | _a(Sirsi) u116847 | ||
| 245 | _aLegionnaires' disease | ||
| 260 | _c2002 | ||
| 490 |
_aResearch Focus _v(48) February 2002, 2(1) |
||
| 520 | _aRecent research by BRE strongly indicates a link between Legionnaires' disease and the presence of Legionella in water systems in homes. Further information is available from Professor Gary Raw at BRE: t +44 (0)1923 664507; f +44 (0)1923 664443: e [email protected]. | ||
| 590 | _aWB | ||
| 650 | _aLEGIONNAIRES' DISEASE | ||
| 650 | _aLEGIONNAIRES' DISEASE | ||
| 650 | _aWATER SYSTEMS | ||
| 650 | _aDISEASES | ||
| 690 |
_aHEALTH AND SAFETY _96244 |
||
| 942 | _n0 | ||
| 999 |
_c69590 _d69590 |
||